Participantes de A Fazenda 8 - Statistics

Estatísticas Gerais
  • Esse quiz foi jogado 6 vezes
  • A pontuação média é 8 de 16
Estatísticas das Respostas
Colocação Participante % Correto
Mara Maravilha
100%
15º Amaral
67%
Ana Paula Minerato
67%
Carla Prata
67%
Douglas Sampaio
67%
Desistente Thiago Servo
67%
João Paulo Mantovani
50%
10º Li Martins
50%
Rayanne Morais
50%
Luka Ribeiro
33%
Marcelo Bimbi
33%
12º Ovelha
33%
11º Rebeca Gusmão
33%
13º Veridiana Freitas
33%
Quelynah
17%
14º Edu K
0%
Nenhum quiz correspondente encontrado
Distribuição das Pontuações
Porcentagem de Pessoas com Cada Pontuação
Percentil de Números Respondidos
Sua Pontuação Histórica
Você não jogou esse quiz